Central Library OPAC University of Rajshahi

The British Isles / (Record no. 54340)

MARC details
000 -LEADER
fixed length control field 00761nam a2200241 a 4500
001 - CONTROL NUMBER
control field 54340
003 - CONTROL NUMBER IDENTIFIER
rucl marc code BD-RjUL
005 - DATE AND TIME OF LATEST TRANSACTION
control field 20211209080115.0
008 - FIXED-LENGTH DATA ELEMENTS--GENERAL INFORMATION
fixed length control field 161106s19521958enkabf 001 0 eng d
035 ## - SYSTEM CONTROL NUMBER
System control number (BD-RjUL)54462
040 ## - CATALOGING SOURCE
Original cataloging agency DLC
Transcribing agency LDL
Modifying agency EQO
-- BD-RjUL
Language of cataloging eng
041 ## - LANGUAGE CODE
Language code of text/sound track or separate title eng
082 ## - DEWEY DECIMAL CLASSIFICATION NUMBER
Classification number 914.2
Edition number 23
Author mark and year DEB 1952
100 1# - MAIN ENTRY--PERSONAL NAME
Personal name Demangeon, A.
Dates associated with a name 1872-1940.
9 (RLIN) 162180
245 14 - TITLE STATEMENT
Title The British Isles /
Statement of responsibility, etc. A. Demangeon, translated and rev. by E. D. Laborde
250 ## - EDITION STATEMENT
Edition statement 3d ed.
260 ## - PUBLICATION, DISTRIBUTION, ETC. (IMPRINT)
Place of publication, distribution, etc. London :
Name of publisher, distributor, etc. William Heinemann ltd.,
Date of publication, distribution, etc. 1952 [reprinted 1958].
300 ## - PHYSICAL DESCRIPTION
Pagination xviii, 434 p. :
Illustrations ill. ;
Size 22 cm.
500 ## - GENERAL NOTE
General note Includes index
651 #0 - SUBJECT ADDED ENTRY--GEOGRAPHIC NAME
Geographic name Great Britain
General subdivision Description and travel
9 (RLIN) 162181
700 1# - ADDED ENTRY--PERSONAL NAME
Personal name Laborde, E.D.
Dates associated with a name 1890-1962.
942 ## - ADDED ENTRY ELEMENTS (KOHA)
Source of classification or shelving scheme Dewey Decimal Classification
Koha item type Books
Holdings
Lost status Source of classification or shelving scheme Damaged status Not for loan Collection code Permanent Location Current Location Shelving location Date acquired Source of acquisition Cost, normal purchase price Total Checkouts Full call number Date last seen Copy number Koha item type
  Dewey Decimal Classification     Non-fiction Central Library, University of Rajshahi Central Library, University of Rajshahi   30/03/1961 Mirja , Lahore 18.75   914.2 DEB 1958 06/11/2016 C-2 Books